| 000 | 01155nac a22002771u 4500 | ||
|---|---|---|---|
| 003 | EG-ScBUE | ||
| 005 | 20211129124629.0 | ||
| 008 | 120828s1968 le f 000 00eara d | ||
| 040 |
_aEG-ScBUE _bara _erda _cEG-ScBUE _dEG-ScBUE |
||
| 082 | 0 | 4 |
_a892.7434 _bح ر ي _222 |
| 100 | 1 |
_aالحريري، القاسم بن علي، _d446-516 هـ.، _eمؤلف. _930883 |
|
| 245 | 1 | 0 |
_aشرح مقامات الحريري : _cوهو العلامة أبو محمد القاسم بن علي بن محمد بن عثمان الحريري البصري. |
| 264 | 1 |
_aبيروت : _bدار التراث، _c1968. |
|
| 300 |
_a1 مجلد (متعدد الترقيم) ؛ _c24 سم. |
||
| 336 |
_2rdacontent _aنص _btxt |
||
| 337 |
_2rdamedia _aبدون وسيط _bn |
||
| 338 |
_2rdacarrier _aمجلد _bnc |
||
| 490 | 0 | _aأدب المقامات | |
| 500 | _aيشتمل على كشافات. | ||
| 650 | 7 |
_aالأدب العربي _xتاريخ. _2BUEsh _913570 |
|
| 650 | 7 |
_aالمقامات العربية _xتاريخ ونقد. _2BUEsh _926435 |
|
| 651 | _2BUEsh | ||
| 653 |
_bARALIT _cNovember2021 |
||
| 655 |
_vReading book _934232 |
||
| 942 |
_cBB _k892.7434 ح ر ي _2ddc |
||
| 999 |
_c8043 _d8043 |
||